000 00374nam a2200145Ia 4500
008 231129s1997||||xx |||||||||||||| ||spa||
020 _a958-24-0352-7
040 _bsap
082 _aCo863.44 M843f
100 _aMoreno-DurĂ¡n Rafael Humberto
245 0 _aFemina Suite
260 _c1997
264 _aAlfaguara
942 _2ddc
_cBKS
999 _c13910
_d13910